Prečo svet obchoduje v dolároch

História amerického dolára ako rezervnej a obchodnej meny. Konferencia v dedinke Bretton Woods, ktorej sa zúčastnilo 44 krajín a ktorá sa konala koncom roka 1944. Účasť Johna Maynarda Keynesa. Hľadanie spôsobov, ako po vojne oživiť hospodársku situáciu a medzinárodný obchod.

Uložené v:
Podrobná bibliografia
Hlavný autor: Záborský, Ján
Médium: Kapitola
Jazyk:Slovak
Predmet:
Tagy: Pridať tag
Žiadne tagy, Buďte prvý, kto otaguje tento záznam!

MARC

LEADER 00000naa a2200000 4500
001 0197836
005 20231113102640.4
041 0 |a slo 
044 |a SK 
245 1 0 |a Prečo svet obchoduje v dolároch  |c Ján Záborský 
520 |a História amerického dolára ako rezervnej a obchodnej meny. Konferencia v dedinke Bretton Woods, ktorej sa zúčastnilo 44 krajín a ktorá sa konala koncom roka 1944. Účasť Johna Maynarda Keynesa. Hľadanie spôsobov, ako po vojne oživiť hospodársku situáciu a medzinárodný obchod. 
610 2 0 |a mena 
610 2 0 |a dolár 
610 2 0 |a zlato 
610 2 0 |a konferencie 
610 2 0 |a história 
100 1 |a Záborský, Ján